Психологія менеджменту в освіті (соціально-психологічний аспект) (Запис № 317795)

МАРК-запис
000 -Лідер
fixed length control field 01676nam a22002777a 4500
001 - Контрольний номер
control field 31371
003 - Ідентифікатор контрольного номера
control field UA-OsUOA
005 - Дата та час останнього входження (трансакції)
control field 20230504161224.0
007 - Фіксоване поле фізичного опису
fixed length control field ta
008 - Елементи даних фіксованої довжини – загальна інформація
fixed length control field 20041215b un ||||| |||| 00| 0 ukr d
020 ## - Міжнародний стандартний книжковий номер (ISBN)
Міжнародний стандартний книжковий номер (ISBN) (НП) 966608029Х
040 ## - Джерело каталогізації
Агенція оригінальної каталогізації UA-OsUOA
Мова каталогізації ukr
Агенція, яка здійснювала перезапис UA-OsUOA
Агенція, яка здійснювала модифікацію UA-OsUOA
041 ## - Код мови
Код мови тексту/ звукової доріжки чи окремого заголовка (П) ukr
044 ## - Код країни видавця/ виробника
Код країни видавця/ виробника (П) UA
080 ## - Індекс Універсальної десяткової класифікації
Індекс Універсальної десяткової класифікації (УДК) (НП) 159.9:[658:37]
090 ## - Локальний шифр розміщення
Класифікаційний індекс УДК 159.9:[658:37]
Авторський знак (НП) К61
100 ## - Основне введення – ім’я особи
Ім’я особи (НП) Коломінський Н. Л.
245 ## - Відомості про назву
Назва (НП) Психологія менеджменту в освіті (соціально-психологічний аспект)
Решта назви (НП) монографія
260 ## - Публікація, розповсюдження і т.п. (Вихідні дані)
Місце публікації, розповсюдження і т.п. (П) Київ
Ім’я/ наймення видавництва, розповсюджувача і т.п. (П) МАУП
Дата публікації, розповсюдження і т.п. (П) 2000
300 ## - Фізичний опис
Обсяг 286 с.
520 ## - Резюме і т.п.
Резюме, реферат, анотація, тощо (НП) У монографії подано результати багаторічного дослідження автора з актуальних соціально-психологічних проблем управління закладами та установами освіти. Значну увагу приділено розробці та застосуванню особнстісно-діяльнісного підходу до аналізу соціально-психологічних механізмів менеджменту в освіті. На основі особистісно-діяльнісного підходу визначено соціально-сихологічні резерви удосконалення управлінської діяльності та післядипломної освіти менеджерів.
650 #7 - Додаткове предметне введення – тематичний термін
Джерело заголовка чи терміна UDC
942 ## - Додаткові елементи входу (Коха)
Тип елемента Koha Книги
Source of classification or shelving scheme Universal Decimal Classification
955 ## - Код типу видання за змістом
Код типу видання за змістом (НП) інше
Фонди
Стан вилучень Стан втрат Джерело класифікації або схеми стелажів Стан уражень Не для кредиту Постійне місце розташування Поточне розміщення Дата придбання Вартість, звичайна ціна покупки Інвентарний номер Усього замовленно Повний номер виклику Штрих-код Дата останнього перегляду Ціна ефективна від Тип елемента Koha
    Universal Decimal Classification     ЧЗ - Читальна зала ЧЗ - Читальна зала 15/12/2004 40.00 82444   159.9:[658:37] К61 82444 09/02/2022 15/12/2004 Книги